000 00510nab a2200145Ia 4500
003 ES-SlBCS
005 20210601133743.0
008 140529s1994 xxu||||| |||| 00| 0 por d
041 _apor
100 1 _aFonseca, Selva Guimaraes
_9209087
245 0 2 _aA Historia na obra de Benjamin e a história ensinada no Brasil: algumas reflexoes
_c Selva Guimaraes Fonseca
600 1 4 _aBenjamin, Walter
_d, 1892-1940
_994395
773 0 _tEducaçao e Filosofia
_gvol. 8, nº. 15, 1994, págs. 23-32
_wRev1534
942 _cAR
999 _c601585
_d601585